| 000 | 00707nam a2200265Ia 4500 | ||
|---|---|---|---|
| 003 | OSt | ||
| 005 | 20221006142645.0 | ||
| 006 | a|||||r|||| 00| 0 | ||
| 007 | ta | ||
| 008 | 221006b |||||||| |||| 00| 0 eng d | ||
| 020 | _c622.05 | ||
| 024 | _a6,861 | ||
| 037 | _cTextual | ||
| 040 |
_aEASL _cEASL _beng |
||
| 041 |
_2eng _aeng |
||
| 082 | _aY:1.498.N89, N0 | ||
| 100 |
_aBASS Catrion _9648089 |
||
| 245 | 0 |
_aInside the treasure House _b A time in Tibet |
|
| 260 |
_aLondon _bVictor Gollanczltd _c1990 |
||
| 300 |
_a221p. _ccm. |
||
| 490 | _v Oth | ||
| 650 |
_aTibat social life _9648090 |
||
| 942 |
_hY:1.498.N89, N0 _cTEXL _2CC |
||
| 999 |
_c1074947 _d1074947 |
||